Extended irreversible thermodynamics / (Record no. 10379)

MARC details
000 -LEADER
fixed length control field 01334cam a2200337 a 4500
001 - CONTROL NUMBER
control field 12221280
003 - CONTROL NUMBER IDENTIFIER
control field EG-ScBUE
005 - DATE AND TIME OF LATEST TRANSACTION
control field 20250616132509.0
008 - FIXED-LENGTH DATA ELEMENTS--GENERAL INFORMATION
fixed length control field 001103t2001 gw f b 001 0 eng d
020 ## - INTERNATIONAL STANDARD BOOK NUMBER
International Standard Book Number 3540411569 (alk. paper)
020 ## - INTERNATIONAL STANDARD BOOK NUMBER
International Standard Book Number 9783540411567
040 ## - CATALOGING SOURCE
Original cataloging agency DLC
Language of cataloging eng
Description conventions rda
Transcribing agency DLC
Modifying agency DLC
-- EG-ScBUE
082 04 - DEWEY DECIMAL CLASSIFICATION NUMBER
Classification number 536.7
Edition number 22
Item number JOU
100 1# - MAIN ENTRY--PERSONAL NAME
Personal name Jou, D.
Fuller form of name (David)
Relator term author.
245 10 - TITLE STATEMENT
Title Extended irreversible thermodynamics /
Statement of responsibility, etc D. Jou, J. Casas-Vâazquez, G. Lebon.
250 ## - EDITION STATEMENT
Edition statement Third edition,
Remainder of edition statement revised and Enlarged Edition
264 #1 - PUBLICATION, DISTRIBUTION, ETC. (IMPRINT)
Place of publication, distribution, etc Berlin ;
-- New York :
Name of publisher, distributor, etc Springer,
Date of publication, distribution, etc [2001]
264 #4 - PUBLICATION, DISTRIBUTION, ETC. (IMPRINT)
Date of publication, distribution, etc c2001
300 ## - PHYSICAL DESCRIPTION
Extent xv, 462 pages :
Other physical details illustrations ;
Dimensions 24 cm
336 ## - CONTENT TYPE
Source rdacontent
Content type term text
Content type code txt
337 ## - MEDIA TYPE
Media type term unmediated
Source rdamedia
Media type code n
338 ## - CARRIER TYPE
Carrier type term volume
Carrier type code nc
Source rdacarrier
504 ## - BIBLIOGRAPHY, ETC. NOTE
Bibliography, etc Includes bibliographical references and index.
650 #7 - SUBJECT ADDED ENTRY--TOPICAL TERM
Topical term or geographic name as entry element Irreversible processes.
Source of heading or term BUEsh
655 ## - INDEX TERM--GENRE/FORM
Form subdivision Reading book
700 1# - ADDED ENTRY--PERSONAL NAME
Personal name Casas-Vâazquez, J.
Fuller form of name (Josâe),
Dates associated with a name 1938-
Relator term author.
700 1# - ADDED ENTRY--PERSONAL NAME
Personal name Lebon, G.
Fuller form of name (Georgy)
Relator term author.
856 42 - ELECTRONIC LOCATION AND ACCESS
Materials specified Publisher description
Uniform Resource Identifier <a href="http://www.loc.gov/catdir/enhancements/fy0816/00053784-d.html">http://www.loc.gov/catdir/enhancements/fy0816/00053784-d.html</a>
942 ## - ADDED ENTRY ELEMENTS (KOHA)
Source of classification or shelving scheme Dewey Decimal Classification
Koha item type Book - Borrowing
Holdings
Withdrawn status Lost status Source of classification or shelving scheme Damaged status Not for loan Collection code Home library Current library Shelving location Date acquired Source of acquisition Cost, normal purchase price Serial Enumeration / chronology Total Checkouts Full call number Barcode Date last seen Price effective from Koha item type
    Dewey Decimal Classification     Alahram Central Library Central Library First floor 24/01/2009   357.30 6389   536.7 JOU 000015055 15/07/2025 24/01/2009 Book - Borrowing